Southville International School and Colleges
Your cart is empty.
  • Cart
  • Lists
    Public lists Eva Luna New books Lux_list list_1
    Your lists Log in to create your own lists
  • Log in to your account
  • Your cookies
  • Search history
Southville International School and Colleges
  • Advanced search
  • Recent comments
  • Most popular
  • Libraries

Log in to your account

Log in with GOOGLE


If you do not have an external account, but do have a local account, you can still log in:

  1. Home
  2. MARC view: Give me half! /
Normal view MARC view ISBD view

Give me half! / (Record no. 103865)

[ view plain ]
MARC details
000 -LEADER
fixed length control field 00701nam a2200193 a 4500
005 - DATE AND TIME OF LATEST TRANSACTION
control field 20140412111309.0
008 - FIXED-LENGTH DATA ELEMENTS--GENERAL INFORMATION
fixed length control field 030314s19uu xx 00 eng d
020 ## - INTERNATIONAL STANDARD BOOK NUMBER
International Standard Book Number 0-06-446701-5
050 ## - LIBRARY OF CONGRESS CALL NUMBER
Classification number TR(GS 513.2'6
Item number M87 1996
100 ## - MAIN ENTRY--PERSONAL NAME
Personal name Murphy, Stuart J.
245 ## - TITLE STATEMENT
Title Give me half! /
Statement of responsibility, etc by Stuart J. Murphy ; illustrated by G. Brian Karas.
260 ## - PUBLICATION, DISTRIBUTION, ETC. (IMPRINT)
Place of publication, distribution, etc New York :
Name of publisher, distributor, etc HarperCollins,
Date of publication, distribution, etc 1996.
300 ## - PHYSICAL DESCRIPTION
Extent 34 p. ; ill.
440 ## - SERIES STATEMENT/ADDED ENTRY--TITLE
Title Math Start, Level 2
520 ## - SUMMARY, ETC.
Summary, etc Introduces the concept of halves using a simple rhyming story about a brother and sister who do not want to share their food.
650 ## - SUBJECT ADDED ENTRY--TOPICAL TERM
Topical term or geographic name as entry element Fractions--Juvenile literature
650 ## - SUBJECT ADDED ENTRY--TOPICAL TERM
Topical term or geographic name as entry element Division--Juvenile literature
Holdings
Withdrawn status Lost status Damaged status Home library Current library Shelving location Date acquired Source of acquisition Cost, normal purchase price Total Checkouts Full call number Barcode Date last seen Price effective from Koha item type
      Elizalde Library Elizalde Library Teachers Reference Section 03/14/2003   121.25   TR(GS 513.2'6 M87 1996 E6031 04/12/2014 04/12/2014 Books

Give me half! /

APA

Murphy S. J., . (1996). Give me half!. New York: HarperCollins.

Chicago

Murphy Stuart J, . 1996. Give me half!. New York: HarperCollins.

Harvard

Murphy S. J., . (1996). Give me half!. New York: HarperCollins.

MLA

Murphy Stuart J, . Give me half!. New York: HarperCollins. 1996.

  • Place hold
  • Print
  • Cite
  • Add to your cart (remove)
  • Save record
    BIBTEX Dublin Core MARCXML MARC (non-Unicode/MARC-8) MARC (Unicode/UTF-8) MARC (Unicode/UTF-8, Standard) MODS (XML) RIS
  • More searches
    Search for this title in:
    Other Libraries (WorldCat) Other Databases (Google Scholar) Online Stores (Bookfinder.com) Open Library (openlibrary.org)

Exporting to Dublin Core...

SOUTHVILLE LIBRARY

Southville International School and Colleges Library

1281 Tropical Ave. Cor. Luxembourg St., BF Homes International, Las Pinas City

Tel. No. 8256374 / 252358 Loc. 117/146

Powered by Koha